[Event "36th Zalakaros Festival 2017"]
[Site "Zalakaros"]
[Date "2017.05.21"]
[Round "4"]
[White "Rapport, Jovana"]
[Black "Rigo, Janos"]
[Result "1/2-1/2"]
[WhiteElo "2334"]
[BlackElo "2236"]
[Annotator "NA"]
[PlyCount "28"]
[EventDate "2017.??.??"]
[EventType "swiss"]
[EventCountry "HUN"]
[SourceTitle "playchess.com"]
[Source "ChessBase"]
[SourceQuality "1"]
[TimeControl "40/5400+30:1800+30"]

1. d4 {[%emt 0:00:03]} Nf6 {[%emt 0:01:08]} 2. Nc3 {[%emt 0:00:05]} d5 {[%emt 0:00:13]} 3. Bf4 {[%emt 0:00:06]} c6 {[%emt 0:00:24]} 4. e3 {[%emt 0:00:07]} g6 {[%emt 0:00:18]} 5. Be2 {[%emt 0:00:11]} Bg7 {[%emt 0:00:17]} 6. h4 {[%emt 0:00:27]} Qa5 {[%emt 0:00:32]} 7. Qd2 {[%emt 0:04:10]} b5 {[%emt 0:01:03]} 8. f3 {[%emt 0:02:52]} Nbd7 {[%emt 0:01:04]} 9. Nh3 {[%emt 0:01:10]} Nh5 {[%emt 0:01:35]} 10. Nd1 {[%emt 0:13:32]} Qxd2+ {[%emt 0:01:27]} 11. Kxd2 {[%emt 0:00:03]} Nxf4 {[%emt 0:00:37]} 12. Nxf4 {[%emt 0:00:03]} e5 {[%emt 0:00:08]} 13. dxe5 {[%emt 0:00:07]} Nxe5 {[%emt 0:00:10]} 14. Nf2 {[%emt 0:11:25]} Rb8 {[%emt 0:01:39]} 1/2-1/2

[Event "36th Zalakaros Festival 2017"]
[Site "Zalakaros"]
[Date "2017.05.21"]
[Round "4"]
[White "Tica, Sven"]
[Black "Rapport, Richard"]
[Result "0-1"]
[WhiteElo "2332"]
[BlackElo "2698"]
[Annotator "TA"]
[PlyCount "78"]
[EventDate "2017.??.??"]
[EventType "swiss"]
[EventCountry "HUN"]
[SourceTitle "playchess.com"]
[Source "ChessBase"]
[SourceQuality "1"]

{[%evp 25,78,13,15,0,6,0,0,0,0,0,0,-19,0,-26,-20,-12,-11,-25,-20,-18,0,0,10,0,0,0,0,0,5,7,9,6,0,-70,-66,-64,-78,-141,-148,-128,-102,-248,-242,-245,-237,-260,-287,-412,-427,-1184,-1133,-29988,-29989,-29994,-29991]} 1. d4 d5 2. c4 e6 3. Nf3 Nf6 4. g3 Bb4+ 5. Bd2 Bd6 6. Bg2 Nbd7 7. Qc2 c6 8. O-O O-O 9. Bg5 h6 10. Bxf6 Nxf6 11. Nbd2 b6 {E01: Catalan: Early deviations} 12. e4 Be7 13. Rfd1 (13. e5 Nd7 14. cxd5 cxd5 15. Rfc1 Nb8 16. Bf1 Bd7 17. a3 Nc6 18. Qd3 a6 19. Be2 {½-½ (34) Tomashevsky,E (2724)-Neiksans,A (2624) Germany 2016}) 13... Bb7 {LiveBook: 3 Games. The position is equal.} 14. Rac1 Rc8 {[#]} 15. c5 $146 ({Predecessor:} 15. Qb1 Rc7 16. Ne5 Bb4 17. Nf1 Bd6 18. Nxc6 Bxc6 19. cxd5 {½-½ (41) Stefansson,H (2574)-Peralta,F (2590) Baku 2016}) 15... bxc5 16. dxc5 a5 17. a3 Ba6 18. b4 Qc7 19. e5 Nd7 $1 {next ...axb4 is good for Black.} 20. Qc3 Rb8 21. Nb3 axb4 22. axb4 Bc4 {[#] ...Bxb3 is the strong threat.} 23. Na5 Be2 24. Re1 Bxf3 $1 25. Bxf3 Ra8 26. Ra1 f6 $36 {[%cal Bf7f6,Bf6e5,Be5e4][%mdl 2080] Black fights for an advantage.} 27. Bg4 fxe5 28. Bxe6+ Kh8 29. Bxd7 ({White should play} 29. Rad1 $11) 29... Qxd7 $15 30. Rad1 Bf6 31. Nc4 (31. Qd2 $142) 31... e4 $17 32. Qc2 Qe6 33. Nb6 (33. Nd6 $17) 33... Ra3 $19 {[%cal Ba8a3,Ba3c3,Bc3g3][%mdl 32]} 34. b5 {Threatening bxc6.} Rc3 35. Qa2 Be7 {[%cal Bf6e7,Be7c5,Bc5f2][%mdl 32]} 36. bxc6 (36. Na4 $142 Rcf3 37. b6) 36... Bxc5 37. Nd7 (37. Nxd5 $142 Rxf2 38. Qxf2 Bxf2+ 39. Kxf2 Qf7+ 40. Nf4 Rxc6 41. Kg1 Qa7+ 42. Kh1) 37... Bxf2+ 38. Kg2 {[#]} Qg4 $1 {[%mdl 512]} 39. Nxf8 Rxg3+ {Precision: White = 17%, Black = 71%.} 0-1

[Event "36th Zalakaros Festival 2017"]
[Site "Zalakaros"]
[Date "2017.05.21"]
[Round "4"]
[White "Paszewski, Mateusz"]
[Black "Livaic, Leon"]
[Result "0-1"]
[WhiteElo "2327"]
[BlackElo "2464"]
[Annotator "TA"]
[PlyCount "98"]
[EventDate "2017.??.??"]
[EventType "swiss"]
[EventCountry "HUN"]
[SourceTitle "playchess.com"]
[Source "ChessBase"]
[SourceQuality "1"]

{[%evp 17,98,0,0,0,0,0,0,-8,-14,-33,-17,-29,14,0,0,0,21,21,16,18,17,19,21,16,20,16,28,0,3,12,8,-7,0,18,18,-25,0,0,0,-6,55,0,0,-6,-2,-20,-1,-27,-60,-76,-87,-85,-92,-108,-100,-116,-101,-106,-59,-103,-144,-154,-64,-69,-54,-141,-135,-339,-333,-319,-283,-241,-194,-315,-247,-469,-426,-782,-742,-1833,-1774,-29989,-29989]} 1. e4 c5 2. Nf3 d6 3. Bb5+ Nd7 4. O-O a6 5. Bd3 Ngf6 6. Re1 {B51: Sicilian: Moscow Variation (3 Bb5+) without 3...Bd7} e6 7. c3 b5 8. Bc2 c4 9. d4 (9. a4 Bb7 10. d4 cxd3 11. Bxd3 bxa4 12. Qxa4 Be7 13. h3 O-O 14. Be3 Qc7 15. Nbd2 Rfb8 16. Qa5 Bd8 17. Qxc7 Bxc7 18. b4 {½-½ (18) Nakamura,H (2785)-Vachier Lagrave,M (2796) Sharjah 2017}) 9... cxd3 $1 {LiveBook: 5 Games} 10. Bxd3 Bb7 11. Bg5 $146 ({Predecessor:} 11. a4 bxa4 12. Qxa4 Be7 {½-½ (42) Fischer,J (2071)-Milliet,S (2354) Agen 2016}) 11... Be7 12. Nbd2 O-O 13. Bc2 h6 14. Bh4 e5 15. Nf1 Nc5 {[%cal Rf6e4]} 16. N3d2 Nh7 17. Bxe7 Qxe7 18. Ne3 g6 19. f3 Nf6 20. Nb3 Rac8 21. Qd2 (21. a4 $5) 21... Kg7 22. Rad1 Rfd8 23. Na5 Ba8 24. b4 Ne6 25. Bb3 Nf4 26. Bd5 Qc7 27. Bxa8 Rxa8 28. g3 Ne6 (28... d5 $1 $11 29. gxf4 dxe4) 29. Nd5 ({Better is} 29. h4 $14) 29... Nxd5 $11 30. exd5 Ng5 $36 {[%cal Be6g5,Bg5h7,Bh7f6,Bf6g4][%mdl 2080] Black fights for an advantage.} 31. Rf1 f5 32. h4 (32. c4 $5) 32... Nh7 33. f4 Nf6 34. Nc6 Re8 35. a4 Qb6+ 36. Kg2 exf4 37. Rxf4 Ng4 {And now ...Ne3+ would win.} 38. a5 Qe3 39. Nd4 Qxd2+ (39... Rac8 $17 40. h5 Rxc3) 40. Rxd2 $15 Re5 41. Nc6 {[#]} (41. h5 $15) 41... Re1 $1 $17 42. Rf3 $2 (42. h5 $17) 42... Rae8 $19 43. Nd4 R8e5 44. Rfd3 Kf6 ({Not} 44... Rxd5 45. Ne6+ Rxe6 46. Rxd5 $17) 45. Nc6 (45. Nf3 $142 R5e2+ 46. Rxe2 Rxe2+ 47. Kf1) 45... Re8 46. Rd4 $2 (46. Ra2) 46... Rc1 47. c4 (47. Rxg4 $142 fxg4 48. Rf2+ Kg7 49. Nd4) 47... bxc4 {[%cal Bb5c4,Bc4c3,Bc3c2][%mdl 32] [#] Strongly threatening ...c3.} 48. b5 c3 49. Ra2 c2 {Precision: White = 29%, Black = 66%.} 0-1

[Event "36th Zalakaros Festival 2017"]
[Site "Zalakaros"]
[Date "2017.05.21"]
[Round "4"]
[White "Borsos, Bogdan"]
[Black "Csiki, Endre"]
[Result "1/2-1/2"]
[WhiteElo "2321"]
[BlackElo "2200"]
[Annotator "NA"]
[PlyCount "108"]
[EventDate "2017.??.??"]
[EventType "swiss"]
[EventCountry "HUN"]
[SourceTitle "playchess.com"]
[Source "ChessBase"]
[SourceQuality "1"]
[TimeControl "40/5400+30:1800+30"]

1. d4 {[%emt 0:00:04]} Nf6 {[%emt 0:00:38]} 2. c4 {[%emt 0:00:19]} g6 {[%emt 0:00:07]} 3. Nc3 {[%emt 0:00:22]} d5 {[%emt 0:00:08]} 4. cxd5 {[%emt 0:01:12]} Nxd5 {[%emt 0:00:05]} 5. e4 {[%emt 0:02:13]} Nxc3 {[%emt 0:00:11]} 6. bxc3 {[%emt 0:00:02]} Bg7 {[%emt 0:00:10]} 7. Bb5+ {[%emt 0:03:07]} c6 {[%emt 0:00:20]} 8. Be2 {[%emt 0:00:09]} c5 {[%emt 0:00:39]} 9. Be3 {[%emt 0:00:22]} Nc6 {[%emt 0:00:40]} 10. Nf3 {[%emt 0:00:33]} Qa5 {[%emt 0:07:12]} 11. Bd2 {[%emt 0:02:26]} e5 {[%emt 0:17:18]} 12. d5 {[%emt 0:00:13]} Nb8 {[%emt 0:00:35]} 13. O-O {[%emt 0:06:28]} O-O {[%emt 0:00:23]} 14. a4 {[%emt 0:02:37]} Nd7 {[%emt 0:03:08]} 15. c4 {[%emt 0:00:23]} Qc7 {[%emt 0:00:53]} 16. a5 {[%emt 0:00:27]} Qd6 {[%emt 0:01:06]} 17. Bc3 {[%emt 0:15:27]} h6 {[%emt 0:03:39]} 18. Ne1 {[%emt 0:06:32]} f5 {[%emt 0:06:04]} 19. exf5 {[%emt 0:03:07]} gxf5 {[%emt 0:00:09]} 20. f4 {[%emt 0:00:12]} e4 {[%emt 0:04:35]} 21. Bxg7 {[%emt 0:03:24]} Kxg7 {[%emt 0:00:10]} 22. Ra3 {[%emt 0:00:13]} Nf6 {[%emt 0:06:18]} 23. Rg3+ {[%emt 0:04:05]} Kh7 {[%emt 0:00:32]} 24. Nc2 {[%emt 0:00:16]} Bd7 {[%emt 0:01:24]} 25. Ne3 {[%emt 0:00:19]} Rg8 {[%emt 0:01:06]} 26. Qa1 {[%emt 0:03:10]} Rae8 {[%emt 0:04:13]} 27. Qb2 {[%emt 0:04:32]} Bc8 {[%emt 0:02:07]} 28. Rxg8 {[%emt 0:00:20]} Kxg8 {[%emt 0:00:56]} 29. g3 {[%emt 0:03:34]} Re7 {[%emt 0:01:25]} 30. Rb1 {[%emt 0:01:52]} Ne8 {[%emt 0:08:10]} 31. Bf1 {[%emt 0:00:55]} Ng7 {[%emt 0:04:27]} 32. Bh3 {[%emt 0:02:20]} Kf8 {[%emt 0:03:22]} 33. Qa1 {[%emt 0:03:02]} Kf7 {[%emt 0:02:26]} 34. Rb5 {[%emt 0:00:57]} Kg8 {[%emt 0:02:24]} 35. Qb2 {[%emt 0:01:10]} Kf7 {[%emt 0:01:55]} 36. Kf2 {[%emt 0:02:52]} Kg8 {[%emt 0:00:57]} 37. Qa3 {[%emt 0:09:07]} Rc7 {[%emt 0:00:07]} 38. Qc3 {[%emt 0:07:13]} Re7 {[%emt 0:00:23]} 39. Qb2 {[%emt 0:00:34]} Kf7 {[%emt 0:00:13]} 40. Rb3 {[%emt 0:00:00]} Kg8 {[%emt 0:04:49]} 41. Ng2 {[%emt 0:03:24]} Kf7 {[%emt 0:04:25]} 42. Nh4 {[%emt 0:00:22]} Kg8 {[%emt 0:03:14]} 43. Ke3 {[%emt 0:00:55]} Kf7 {[%emt 0:02:31]} 44. Kf2 {[%emt 0:07:03]} Kg8 {[%emt 0:00:16]} 45. Ng2 {[%emt 0:01:31]} Kf7 {[%emt 0:00:33]} 46. Ne3 {[%emt 0:00:05]} Kg8 {[%emt 0:00:33]} 47. Qa3 {[%emt 0:00:49]} Kf7 {[%emt 0:00:09]} 48. Nc2 {[%emt 0:01:23]} Kg8 {[%emt 0:11:08]} 49. Bf1 {[%emt 0:02:22]} Ne8 {[%emt 0:01:12]} 50. Ne3 {[%emt 0:00:52]} Ng7 {[%emt 0:00:16]} 51. Rb5 {[%emt 0:00:40]} Rc7 {[%emt 0:00:08]} 52. Qb2 {[%emt 0:01:25]} Re7 {[%emt 0:00:08]} 53. Be2 {[%emt 0:00:10]} Ne8 {[%emt 0:01:34]} 54. Qa3 {[%emt 0:00:16]} Rc7 {[%emt 0:00:06]} 1/2-1/2

[Event "36th Zalakaros Festival 2017"]
[Site "Zalakaros"]
[Date "2017.05.21"]
[Round "4"]
[White "Blohberger, Felix"]
[Black "Pujari, Rucha"]
[Result "1/2-1/2"]
[WhiteElo "2319"]
[BlackElo "2203"]
[Annotator "NA"]
[PlyCount "94"]
[EventDate "2017.??.??"]
[EventType "swiss"]
[EventCountry "HUN"]
[SourceTitle "playchess.com"]
[Source "ChessBase"]
[SourceQuality "1"]
[TimeControl "40/5400+30:1800+30"]

1. d4 {[%emt 0:00:01]} d5 {[%emt 0:02:25]} 2. c4 {[%emt 0:00:17]} e6 {[%emt 0:00:15]} 3. Nf3 {[%emt 0:00:06]} Nf6 {[%emt 0:00:39]} 4. g3 {[%emt 0:00:04]} Be7 {[%emt 0:01:41]} 5. Bg2 {[%emt 0:00:07]} O-O {[%emt 0:00:06]} 6. O-O {[%emt 0:00:05]} c6 {[%emt 0:00:05]} 7. Nc3 {[%emt 0:00:06]} b6 {[%emt 0:01:39]} 8. Qd3 {[%emt 0:02:17]} Nbd7 {[%emt 0:04:39]} 9. e4 {[%emt 0:01:19]} Bb7 {[%emt 0:10:43]} 10. b3 {[%emt 0:10:47]} dxe4 {[%emt 0:13:29]} 11. Nxe4 {[%emt 0:00:06]} Nxe4 {[%emt 0:02:39]} 12. Qxe4 {[%emt 0:00:06]} Nf6 {[%emt 0:00:48]} 13. Qe2 {[%emt 0:09:33]} c5 {[%emt 0:02:11]} 14. Bb2 {[%emt 0:01:39]} cxd4 {[%emt 0:11:27]} 15. Rad1 {[%emt 0:03:35]} Qc7 {[%emt 0:04:45]} 16. Rxd4 {[%emt 0:13:00]} Rad8 {[%emt 0:03:39]} 17. Rfd1 {[%emt 0:02:52]} Bc5 {[%emt 0:10:33]} 18. Rxd8 {[%emt 0:17:37]} Rxd8 {[%emt 0:00:19]} 19. Rxd8+ {[%emt 0:01:24]} Qxd8 {[%emt 0:00:02]} 20. Ne5 {[%emt 0:04:23]} Qa8 {[%emt 0:08:20]} 21. Bxb7 {[%emt 0:00:25]} Qxb7 {[%emt 0:00:02]} 22. Nd3 {[%emt 0:04:58]} Be7 {[%emt 0:01:22]} 23. Nf4 {[%emt 0:03:51]} Qe4 {[%emt 0:04:12]} 24. Qxe4 {[%emt 0:02:21]} Nxe4 {[%emt 0:00:02]} 25. Nd3 {[%emt 0:01:23]} f6 {[%emt 0:04:25]} 26. f3 {[%emt 0:01:28]} Nc5 {[%emt 0:00:58]} 27. Nxc5 {[%emt 0:01:58]} Bxc5+ {[%emt 0:00:47]} 28. Kf1 {[%emt 0:00:06]} e5 {[%emt 0:02:08]} 29. Ke2 {[%emt 0:00:04]} Kf7 {[%emt 0:00:13]} 30. Kd3 {[%emt 0:04:30]} Ke6 {[%emt 0:01:30]} 31. Bc3 a5 {[%emt 0:07:11]} 32. g4 {[%emt 0:06:30]} g6 {[%emt 0:00:28]} 33. Bd2 {[%emt 0:02:32]} f5 {[%emt 0:00:01]} 34. h3 {[%emt 0:01:08]} h5 {[%emt 0:00:19]} 35. gxf5+ {[%emt 0:01:09]} gxf5 {[%emt 0:00:21]} 36. Bg5 {[%emt 0:01:53]} Kd6 {[%emt 0:00:24]} 37. Bc1 {[%emt 0:00:28]} Ke6 {[%emt 0:02:04]} 38. Bd2 {[%emt 0:03:20]} Kd6 {[%emt 0:00:09]} 39. Bh6 {[%emt 0:00:39]} Ke6 {[%emt 0:00:22]} 40. Bg5 {[%emt 0:00:00]} Kd6 {[%emt 0:00:34]} 41. Bc1 {[%emt 0:00:17]} Ke6 {[%emt 0:00:11]} 42. a3 {[%emt 0:16:27]} Kd6 {[%emt 0:01:36]} 43. Bh6 {[%emt 0:00:22]} Ke6 {[%emt 0:01:14]} 44. Be3 {[%emt 0:03:51]} Bxe3 {[%emt 0:05:00]} 45. Kxe3 {[%emt 0:00:07]} h4 {[%emt 0:00:45]} 46. b4 {[%emt 0:00:08]} axb4 {[%emt 0:00:30]} 47. axb4 {[%emt 0:00:01]} Kd6 {[%emt 0:00:11] Ke4} 1/2-1/2

[Event "36th Zalakaros Festival 2017"]
[Site "Zalakaros"]
[Date "2017.05.21"]
[Round "4"]
[White "Beletic, Daniel"]
[Black "Ikeda, Junta"]
[Result "1/2-1/2"]
[WhiteElo "2315"]
[BlackElo "2412"]
[Annotator "TA"]
[PlyCount "172"]
[EventDate "2017.??.??"]
[EventType "swiss"]
[EventCountry "HUN"]
[SourceTitle "playchess.com"]
[Source "ChessBase"]
[SourceQuality "1"]

{[%evp 14,172,14,8,30,-7,16,6,29,17,50,45,61,47,46,47,133,60,127,26,74,0,7,0,39,33,43,23,54,17,33,0,25,0,-8,-17,8,7,24,21,58,23,15,21,25,20,27,29,41,0,0,0,0,0,0,0,0,0,0,0,0,0,33,9,41,0,33,0,68,68,167,180,105,111,169,104,96,80,72,52,47,20,184,184,184,184,190,184,184,184,649,627,595,555,475,327,458,385,489,488,427,343,366,51,122,34,61,12,68,16,18,0,18,6,8,0,67,67,67,67,67,65,64,64,64,64,64,64,69,69,69,69,69,0,69,69,69,69,69,69,69,69,69,69,69,69,69,69,69,69,69,69,69,69,69,69,69,69,69,8,8]} 1. Nf3 Nf6 2. c4 e6 3. g3 a6 4. Nc3 d5 5. cxd5 exd5 6. d4 Bd6 7. Bg2 O-O 8. O-O Re8 {A13: English Opening: 1...e6} 9. Ne5 (9. Re1 c6 10. Bg5 Be7 11. Bxf6 Bxf6 12. e4 Be6 13. e5 Be7 14. Qc2 Nd7 15. Rad1 Rc8 16. h4 {½-½ (73) Leko,P (2737)-Zhigalko,S (2661) Kiev 2013}) 9... c6 10. Bf4 Bc7 $146 ({Predecessor:} 10... Nh5 11. Bd2 Bxe5 12. dxe5 d4 13. Ne4 Rxe5 14. e3 Nf6 15. Nxf6+ Qxf6 16. exd4 {1-0 (47) Habu,Y (2398)-Balint,V (2268) Zuerich 2015}) 11. Rc1 Re7 12. Bg5 Nbd7 13. f4 Bb6 14. Kh1 Re8 (14... Qe8 $14) 15. e3 (15. e4 $16 {[%cal Re4d5]} dxe4 16. Nxe4 (16. Bxe4 h6 $11)) 15... Nf8 (15... h6 $14 16. Bh4 Ba5) 16. Qb3 (16. f5 $16) 16... h6 17. Bxf6 (17. Bh4 $16) 17... gxf6 $11 18. Na4 Ba7 (18... Ba5 {with more complications.} 19. Nf3 Nd7 20. Rf2 Nb6 21. Nc5 Ra7) 19. Nf3 Qe7 20. Rfe1 Rb8 21. Nc3 Ne6 22. Re2 Nc7 23. e4 dxe4 24. Nxe4 Be6 25. Qc2 f5 26. Nc5 Qf6 27. Ne5 {Strongly threatening Ned7.} Bxc5 28. dxc5 Red8 29. Rce1 Nb5 30. Re3 Rd4 31. a4 Nc7 32. b3 Nd5 33. Bxd5 Bxd5+ 34. Kg1 Rd8 35. Qc3 Re4 36. Rd1 Rxe3 37. Qxe3 Kg7 38. b4 Be4 39. Rd4 Qe7 40. Qd2 Bd5 (40... Rd5 $11) 41. Nc4 $14 Re8 (41... Qf6 $14) 42. Nd6 $18 Qe1+ 43. Qxe1 Rxe1+ $16 {[%mdl 4096] Endgame KRB-KRN} 44. Kf2 Rh1 45. Nxb7 Rxh2+ 46. Ke3 {aiming for Rxd5!} Bb3 47. Nd6 Bxa4 $2 (47... Kf6 $11 {and Black has nothing to worry.}) 48. Nxf5+ $18 Kh7 49. Rd7 Rb2 50. Rxf7+ Kg6 51. Nd6 Rb3+ $2 (51... Rxb4 52. g4 Bb3 53. f5+ Kg5 54. Rg7+ Kf6 55. Ne8+ Ke5) 52. Kd4 Rxg3 53. f5+ Kh5 54. Ne4 Rb3 (54... Rg1 {was worth a try.} 55. f6 Rd1+ 56. Ke5 Rd5+ 57. Kf4 Bc2) 55. Rg7 Rxb4+ 56. Ke5 Bb3 57. Rg1 Bc2 {[#]} 58. Nf6+ $2 (58. Ng3+ $1 $18 {and the rest is easy.} Kh4 59. f6) 58... Kh4 $16 {[#]} 59. Rh1+ ({White should play} 59. Rf1 $1 $16) 59... Kg3 $14 60. Rxh6 Rc4 ({Better is} 60... a5 $11) 61. Nd7 ({White should try} 61. Kd6 $14) 61... Re4+ $11 62. Kf6 Rd4 63. Ke6 Rd5 64. Ne5 Bxf5+ (64... Rxc5 $11 65. Rg6+ Kf2) 65. Kxf5 $14 Rxc5 $11 {KRN-KR} 66. Rg6+ Kf2 67. Ke4 {Black must now prevent Nd3+.} Rc2 68. Ng4+ Ke1 69. Ne3 Re2 70. Rxc6 Kf2 71. Rf6+ Kg3 72. Rg6+ Kf2 73. Rf6+ (73. Rg2+ $1 $14 Ke1 74. Rg1+ Kd2 75. Rd1+ Kc3 76. Ra1) 73... Ke1 (73... Kg3 $11) 74. Rxa6 $14 Kf2 75. Rf6+ Ke1 76. Rh6 Kd2 77. Rh3 Kc3 78. Rh1 Rd2 79. Rc1+ Kb4 80. Nf5 Rd8 81. Nd4 {Threatens to win with Nc6+.} Rd7 82. Kd3 Rh7 83. Rc4+ Ka5 84. Rc5+ Kb6 85. Rc6+ Kb7 86. Kc4 (86. Rc1 $14) 86... Rc7 $1 {Precision: White = 52%, Black = 39%.} 1/2-1/2

[Event "36th Zalakaros Festival 2017"]
[Site "Zalakaros"]
[Date "2017.05.21"]
[Round "4"]
[White "Pultorak, Jan"]
[Black "Swayams, Mishra"]
[Result "0-1"]
[WhiteElo "2303"]
[BlackElo "2448"]
[Annotator "TA"]
[PlyCount "110"]
[EventDate "2017.??.??"]
[EventType "swiss"]
[EventCountry "HUN"]
[SourceTitle "playchess.com"]
[Source "ChessBase"]
[SourceQuality "1"]

{[%evp 25,110,5,13,13,15,15,18,18,18,18,18,29,17,15,15,12,10,20,22,0,0,0,0,0,11,0,0,0,0,-33,-33,-32,-45,-23,-25,-42,-37,-37,-14,-37,-41,-56,-70,-115,-104,-179,-171,-230,-206,-191,-122,-86,-32,-32,0,0,-56,-59,0,0,0,-95,0,0,0,0,0,0,0,-332,-330,-430,-361,-1091,-1042,-12839,-12839,-12839,-12839,-12846,-12847,-12848,-12848,-12850,-12850,-12850,-29984]} 1. d4 Nf6 2. c4 g6 3. Nc3 Bg7 4. e4 d6 5. Nf3 O-O 6. Be2 e5 7. O-O Nc6 8. d5 Ne7 9. b4 Nh5 10. Re1 f5 11. Ng5 Nf6 12. Bf3 c6 13. Be3 h6 {Threatens to win with ...cxd5.} 14. Ne6 {E97: King's Indian: Classical Main Line (6...e5 7 0-0 Nc6): 8 Be3 and 8 d5 Ne7, not 9 Ne1} Bxe6 $1 15. dxe6 fxe4 16. Nxe4 {The position is equal.} Nxe4 17. Bxe4 d5 18. cxd5 cxd5 19. Bc5 dxe4 20. Qxd8 Rfxd8 21. Bxe7 Re8 22. Bh4 Rxe6 $146 23. Rxe4 Rc8 24. h3 Rc2 25. a4 Rd6 26. Rae1 Rd4 27. Kf1 Rcc4 28. Rxd4 exd4 $15 {[%mdl 4096] Endgame KRB-KRB} 29. Be7 Kf7 30. Bd6 Bf8 (30... Bf6 {with more complications.} 31. a5 d3 32. Bc5 a6 33. Rd1 Rc3) 31. Bxf8 Kxf8 {KR-KR} 32. Rb1 Ke7 33. Ke2 Kd6 34. Kd3 Kd5 35. Rb3 (35. Kd2 $17) 35... Rc1 $1 $19 36. h4 (36. Ra3 $142) 36... Ra1 37. a5 {[#]} Ra2 (37... h5 $1 $19 38. Rb2 Ra3+ 39. Ke2 Kc4) 38. Rb1 $17 Rxf2 ({Black should play} 38... Ra3+ $17 39. Kd2 Kc4 40. Rc1+ Rc3) 39. Rc1 $15 Rxg2 40. Rc7 Rg3+ 41. Kd2 Rg2+ ({Black should try} 41... b5 $1 $15 42. Rc5+ Ke4 43. Rxb5 Rg2+ 44. Ke1 Rg1+ 45. Kd2 g5 46. hxg5 Rg2+ 47. Ke1 Rg1+ 48. Kd2 Rg2+ 49. Ke1 Rg1+ 50. Kd2) 42. Kd3 $1 $11 Rg3+ (42... b5 $11) 43. Kd2 $17 {[#]} Rh3 (43... b5 $1 $17 {Strongly threatening ...g5.} 44. Rc5+ Ke4 45. Rxb5 Rg2+ 46. Ke1 Rg1+ 47. Kd2 g5 48. hxg5 Rg2+ 49. Ke1 Rg1+ 50. Kd2 hxg5) 44. Rxb7 $11 Kc4 {...Rh2+ is the strong threat.} 45. Rxa7 Rh2+ 46. Ke1 Rxh4 47. Rb7 $2 {[%mdl 8192]} (47. a6 $11) 47... Rh1+ $19 48. Kd2 Rh2+ 49. Ke1 $2 (49. Kc1 Kc3 50. Rc7+ Kxb4 51. a6) 49... Ra2 {Black is clearly winning.} 50. Rb6 h5 {[%cal Bh6h5,Bh5h4,Bh4h3,Bh3h2][%mdl 32]} 51. a6 h4 52. Rxg6 h3 53. Rh6 h2 54. b5 Kxb5 55. a7 Rxa7 {Precision: White = 49%, Black = 75%.} 0-1